LEADER 01228nam a2200265 u 4500 001 000000112777 003 CaOOAMICUS 005 20080721095842.0 008 080721s2008 it u000 u ita r 020 $z978-88-95155-32-6* 040 $aPUL$bita$dPUL 245 00$aSentieri della differenza :$bper un'introduzione a Heidegger /$ca cura di Adriano Ardovino. 260 $aRoma :$bNuvova Editrice Universitaria (NEU),$c2008. 300 $a235 p. ;$c24 cm 490 1 $aStudi e ricerche. Estetica e comunicazione 504 $aBibliografia: p. 223-233. 600 14$aHeidegger, Martin,$d1889-1976.$0(OLS)http://pul/subject/4860 700 1 $aArdovino, Adriano,$d1973-$0(OLS)http://pul/name/69469 830 0$aStudi e ricerche. Estetica e comunicazione.$0(OLS)http://pul/title/141751 850 $aPUL 852 $aPUL$W1$xSL Filosofia 3$y81$m111 ARDAD 1$j129018$qDDC 21$B127985$CPULBib$Z2$F127985 $H108032 $82 941 1 $a9 996 $6020$z978-88-95155-32-6*$9(OLS)http://pul/number/138517 996 $6245$aSentieri della differenza :$bper un'introduzione a Heidegger$9(OLS)http://pul/title/141750 996 $6260$aRoma :$bNuvova Editrice Universitaria (NEU)$9(OLS)http://pul/publisher/80011 LEADER 01257nam a2200313 a 4500 001 000000135995 003 CaOOAMICUS 005 20131024123437.0 008 131024s1994 it u000 u ita r 020 $a88-04-39066-2 040 $aPUL$bita 041 1 $aita$heng 100 1 $aJames, Henry,$d1843-1916.$0(OLS)http://pul/name/80271 240 10$aDaisy Miller.$lItaliano.$0(OLS)http://pul/title/171970 245 10$aDaisy Miller /$cHaenry James ; traduzione di Franco Garnero ; nota introduttiva di Franco Cordelli. 260 $aMilano :$bA. Mondadori,$c1994. 300 $a118 p. ;$c17 cm 490 1 $aOscar piccoli classici 700 1 $aCordelli, Franco.$0(OLS)http://pul/name/78682 700 1 $aGarnero, Franco.$0(OLS)http://pul/name/87513 830 0$aOscar piccoli classici (A. Mondadori).$0(OLS)http://pul/title/171972 850 $aPUL 852 $aPUL$W1$xDP1 Fondo E. Rossi$y115$m2 B 54$j156771$qFondi$B156164$CPULBib$Z2$F156164 $82 941 1 $a1 961 $aSul dorso collocazione ms. di E. Rossi: II 48 2 996 $6020$a88-04-39066-2$9(OLS)http://pul/number/153807 996 $6245$aDaisy Miller$9(OLS)http://pul/title/171971 996 $6260$aMilano :$bA. Mondadori$9(OLS)http://pul/publisher/48249